Minecraft Structures - Statistics

General Stats
  • This quiz has been taken 34 times
  • The average score is 17 of 43
Answer Stats
Structure Type Structures % Correct
Nether Structures Nether Fortress
88%
Village
88%
End Structures End City
84%
Mineshaft
80%
Ocean Monument
80%
Jungle Temple
76%
Underground Structure Ancient City
72%
Ruined Portal
72%
Trial Chambers
72%
Woodland Mansion
68%
Underwater Structures Ocean Ruins
64%
Shipwreck
64%
Stronghold
64%
Aboveground Structures Desert Pyramid
60%
Misc. Structures Dungeon
60%
Igloo
60%
Pillager Outpost
60%
Bastion Remnant
56%
Buried Treasure
52%
Removed Structures Brick Pyramid
44%
Trail Ruins
44%
Desert Well
40%
Fossil
40%
Swamp Hut
36%
Abandoned Village
32%
Nether Fossil
28%
Geode
24%
Obsidian Wall
12%
Bonus Chest
8%
Nether Reactor
8%
End Gateway
4%
Glass Pillar
4%
Monolith
4%
Obsidian Pillar
4%
Starting House
4%
Exit Portway
0%
Forest Rock
0%
Iceberg
0%
Ice Spikes
0%
Nether Spire
0%
Obsidian Platform
0%
Pile
0%
Void Start Platform
0%
No matching quizzes found
Score Distribution
Percent of People with Each Score
Percentile by Number Answered
Your Score History
You have not taken this quiz